书目信息 |
| 题名: |
内生之美
|
|
| 作者: | 胡溢轩 , 童志峰 著 | |
| 分册: | ||
| 出版信息: | 南京 河海大学出版社 2021.12 |
|
| 页数: | 18, 191页 | |
| 开本: | 26cm | |
| 丛书名: | 中国乡村生态文明建设实践研究丛书 | |
| 单 册: | ||
| 中图分类: | X322.2 | |
| 科图分类: | ||
| 主题词: | 农村生态环境--nong cun sheng tai huan jing--生态环境建设--研究--中国 | |
| 电子资源: | ||
| ISBN: | 978-7-5630-7336-8 | |
| 000 | 01632nam 2200313 450 | |
| 001 | 25654 | |
| 005 | 20220919130042.28 | |
| 010 | @a978-7-5630-7336-8@dCNY62.00 | |
| 100 | @a20220311d2021 em y0chiy50 ea | |
| 101 | 0 | @achi |
| 102 | @aCN@b320000 | |
| 105 | @aa z 000yy | |
| 200 | 1 | @a内生之美@Anei sheng zhi mei@e美丽乡村建设的核心逻辑@f胡溢轩, 童志峰等著 |
| 210 | @a南京@c河海大学出版社@d2021.12 | |
| 215 | @a18, 191页@c图@d26cm | |
| 225 | 2 | @a中国乡村生态文明建设实践研究丛书@Azhong guo xiang cun sheng tai wen ming jian she shi jian yan jiu cong shu |
| 300 | @a2021年江苏省主题出版重点出版物 2021年全国高校出版社主题出版 | |
| 312 | @a英文题名取自封底 | |
| 314 | @a胡溢轩, 社会学博士, 福州大学人文社会科学学院副教授、硕士生导师, 主要从事环境社会学、社会发展与社会治理等研究。童志锋, 社会学博士, 浙江财经大学法学院教授、院长, 主要从事环境社会学、社会治理等研究。 | |
| 330 | @a本书兼顾历史视角与结构视角、制度视角与实践视角, 立足于工业化、城市化、城乡关系演变等时空背景, 梳理了乡村发展的政策演变过程、内在机理以及实践逻辑, 对“安吉模式”进行典型案例剖析, 总结了乡村发展的共性规律与多样化特征, 揭示出美丽乡村建设的核心逻辑。 | |
| 410 | 0 | @12001 @a中国乡村生态文明建设实践研究丛书 |
| 510 | 1 | @aEndogenous beauty@ethe core logic of beautiful countryside construction@zeng |
| 517 | 1 | @a美丽乡村建设的核心逻辑@Amei li xiang cun jian she de he xin luo ji |
| 606 | 0 | @a农村生态环境@Anong cun sheng tai huan jing@x生态环境建设@x研究@y中国 |
| 690 | @aX322.2@v5 | |
| 701 | 0 | @a胡溢轩@Ahu yi xuan@4著 |
| 701 | 0 | @a童志峰@Atong zhi feng@4著 |
| 801 | 0 | @aCN@c20220910 |
| 905 | @a河南城建学院图书馆@dX322.2@eH520@f1 | |
| 内生之美:美丽乡村建设的核心逻辑/胡溢轩, 童志峰等著.-南京:河海大学出版社,2021.12 |
| 18, 191页:图;26cm.-(中国乡村生态文明建设实践研究丛书) |
| 2021年江苏省主题出版重点出版物 2021年全国高校出版社主题出版 |
| ISBN 978-7-5630-7336-8:CNY62.00 |
| 本书兼顾历史视角与结构视角、制度视角与实践视角, 立足于工业化、城市化、城乡关系演变等时空背景, 梳理了乡村发展的政策演变过程、内在机理以及实践逻辑, 对“安吉模式”进行典型案例剖析, 总结了乡村发展的共性规律与多样化特征, 揭示出美丽乡村建设的核心逻辑。 |
| ● |
| 相关链接 |
|
|
|
正题名:内生之美
索取号:X322.2/H520
 
预约/预借
| 序号 | 登录号 | 条形码 | 馆藏地/架位号 | 状态 | 备注 |
| 1 | 1576496 | 215764965 | 自科库501/501自科库 66排6列4层/ [索取号:X322.2/H520] | 在馆 |